• 首页
  • 本馆介绍
  • 公告通知
  • 最新文献
  • 馆藏检索
  • 电子资源
  • 读者导购
  • 参考咨询
  • 我的图书馆
  • 登录
  • 详细信息显示
  • 放入我的书架
  • 预约/预借图书
  • 作者相关作品
  • 分类相关作品
  • 丛书相关作品
  • 出版社相关作品

书目信息

  • 表格格式
  • 工作单格式
  • 卡片格式
题名:
大国海盗
    
 
作者: 雪珥 著
分册:  
出版信息: 太原   山西人民出版社  2011
页数: 11,10,208页
开本: 23cm
丛书名:
单 册:
中图分类: D691.98
科图分类:
主题词: 海盗--历史--中国--明清时代
电子资源:
ISBN: 978-7-203-07284-3
000 00770nam0 2200229 45
001 1237675341
005 20120618090114.17
010    @a978-7-203-07284-3@dCNY28.00
100    @a20120424d2011 em y0chiy50 ea
101 0  @achi
102    @aCN@b140000
105    @aa z 000yy
106    @ar
200 1  @a大国海盗@ADa Guo Hai Dao@f(澳)雪珥著@F( Ao ) Xue Er Zhu
210    @a太原@c山西人民出版社@d2011
215    @a11,10,208页@c图@d23cm
330    @a本书是对明清时代的海盗的解读,包括与海为敌,郑和舰队大阉割;逼下南洋,跨国通缉林道乾;喋血吕宋,林凤挑战西班牙;从良血路,中葡海盗战宁波等。
606 0  @a海盗@x历史@y中国@z明清时代
690    @aD691.98@v4
701  0 @c(澳)@a雪珥@AXue Er@4著
801  0 @aCN@bTSTCL@c20120606
905    @b0818107-10@dD691.98@e165@f4
    
    大国海盗/(澳)雪珥著.-太原:山西人民出版社,2011
    11,10,208页:图;23cm
    
    
    ISBN 978-7-203-07284-3:CNY28.00
    本书是对明清时代的海盗的解读,包括与海为敌,郑和舰队大阉割;逼下南洋,跨国通缉林道乾;喋血吕宋,林凤挑战西班牙;从良血路,中葡海盗战宁波等。
●
相关链接 在E读中查询图书 在五车中查询图书 在当当中查询图书 在豆瓣中查询图书


正题名:大国海盗     索取号:D691.98/165         预约/预借

序号 登录号 条形码 馆藏地/架位号 状态 备注
1 0818107   208181073   第一样本阅览室/ [索取号:D691.98/165] 在馆    
2 0818108   208181082   第一借阅区/ [索取号:D691.98/165] 在馆    
3 0818109   208181091   第一借阅区/ [索取号:D691.98/165] 在馆    
4 0818110   208181108   第一借阅区/ [索取号:D691.98/165] 在馆    
唐山师范学院图书馆 欢迎您!
大连网信软件有限公司© 版权所有